| 000 | 00350nam a2200133 a 4500 | ||
|---|---|---|---|
| 005 | 20141022142002.0 | ||
| 008 | 110316s19uu xx 00 eng d | ||
| 050 |
_aDVD _bH79 2005 |
||
| 245 |
_aHotel Rwanda: _ba true story. |
||
| 260 |
_aPasig City : _bViva Video, Inc, _c2005. |
||
| 500 | _a2 DVD's | ||
| 650 | _aMass murder- Fiction. | ||
| 942 | _cAVM | ||
| 999 |
_c276302 _d276302 |
||